| 000 | 00623nam a22002297a 4500 | ||
|---|---|---|---|
| 003 | SGT | ||
| 020 | _a9783540231592 | ||
| 082 |
_a617.8 _bP07F |
||
| 100 | _aFASTL, HUGO | ||
| 245 | _aPSYCHO- ACOUSTICS FACTS AND MODELS | ||
| 250 | _a3RD | ||
| 260 |
_aNEW YORK _bSPRINGER PUB _c2007 |
||
| 300 | _a462 | ||
| 650 | _aAUDIOLOGY | ||
| 653 | _aPSYCHO- ACOUSTICS FACTS AND MODELS | ||
| 653 | _aHEARING AREA | ||
| 653 | _aMASKING OF PURE TONES BY NOSE | ||
| 653 | _aINFORMATIONPROCESSING IN THE AUDITORY SYSTEM | ||
| 653 | _aPITCH AND PITCH STRENGTH | ||
| 653 | _aCRITICAL BANDS AND EXCITATION | ||
| 942 |
_2ddc _cBK |
||
| 999 |
_c23670 _d23670 |
||